000 00490nab a2200145Ia 4500
003 ES-SlBCS
005 20220512172143.0
008 140529s1963 xxu||||| |||| 00| 0 ita d
041 _aita
100 1 _aRaschini, Maria Adelaide
_959783
245 0 0 _aNote e discussioni intorno alla filosofia dell´integralità
_c Maria Adelaide Raschini
650 0 4 _aFilosofía de la Integralidad
_9199663
773 0 _tGiornali di Metafisica
_gvol. 18, nº. 1, 1963, págs. 9-41
_w0017-0372
942 _cAR
999 _c586928
_d586928